000 00867nam a2200265Ia 4500
003 OSt
005 20221005051642.0
006 a|||||r|||| 00| 0
007 ta
008 221004b |||||||| |||| 00| 0 eng d
020 _a9781408185339
_c5619.89
024 _a12015
037 _b11450, 19/03/2014, Elite Publishers Distributors
_cTextual
040 _aCRL
_cCRL
_beng
041 _2eng
_aeng
082 _aO111,2J64:g(Y15), Q4
100 _aMcmullan Gordon Ed.
_957614
245 0 _aWomen making Shakespeare
_b Text reception and performance
260 _aLondon
_bBloomsbury UK
_c2014
300 _a368p.
_ccm.
490 _aThe arden Shekespeare
650 _aENGLISH LITERATURE
942 _hO111,2J64:g(Y15), Q4
_cTEXL
_2cc
999 _c959119
_d959119